[Event "AI Cup Play In"]
[Site "Chess.com INT"]
[Date "2023.09.18"]
[Round "2"]
[White "Mishra, Abhimanyu"]
[Black "Malakhov, Vladimir"]
[Result "1/2-1/2"]
[WhiteElo "2599"]
[BlackElo "2646"]
[PlyCount "99"]
[EventDate "2023.09.18"]
[EventType "swiss (rapid)"]
[EventRounds "9"]
[EventCountry "USA"]
[SourceTitle "EXT 2024"]
[Source "ChessBase"]
[SourceDate "2023.10.10"]
[SourceVersion "1"]
[SourceVersionDate "2023.10.10"]
[SourceQuality "1"]

1. d4 d5 2. Nf3 Nf6 3. c4 e6 4. g3 Be7 5. Bg2 0-0 6. 0-0 c6 7. Qc2 Nbd7 8. Nbd2 b6 9. e4 dxc4 10. Nxc4 Bb7 11. Bf4 c5 12. Rfe1 cxd4 13. Nd6 Bxd6 14. Bxd6 d3 15. Qxd3 Bxe4 16. Qd4 e5 17. Qa4 Re8 18. Rad1 Bxf3 19. Bxf3 e4 20. Bxe4 Nxe4 21. Rxe4 Rxe4 22. Qxe4 Nc5 23. Qf3 Ne6 24. Bc5 Qe8 25. Be3 Rc8 26. h4 Qc6 27. Qg4 Qc4 28. Qxc4 Rxc4 29. Kf1 Kf8 30. Rd7 Rc7 31. Rxc7 Nxc7 32. Ke2 Ke7 33. Kd3 Nd5 34. Bd2 Ke6 35. Kc4 Kd6 36. f3 h5 37. Kd4 g6 38. Kc4 Kc6 39. Kd4 Kd6 40. Bh6 Ke6 41. Kc4 a6 42. Kd4 Ne7 43. Bf4 Nc6+ 44. Kc4 Ne5+ 45. Bxe5 Kxe5 46. Kd3 Kd5 47. Ke3 Ke5 48. Kd3 Kd5 49. Ke3 Ke5 50. Kd3 1/2-1/2

[Event "AI Cup Play In"]
[Site "Chess.com INT"]
[Date "2023.09.18"]
[Round "8"]
[White "Mishra, Abhimanyu"]
[Black "Vaibhav, Suri"]
[Result "0-1"]
[WhiteElo "2599"]
[BlackElo "2588"]
[PlyCount "102"]
[EventDate "2023.09.18"]
[EventType "swiss (rapid)"]
[EventRounds "9"]
[EventCountry "USA"]
[SourceTitle "EXT 2024"]
[Source "ChessBase"]
[SourceDate "2023.10.10"]
[SourceVersion "1"]
[SourceVersionDate "2023.10.10"]
[SourceQuality "1"]

1. d4 d5 2. Nf3 Nf6 3. c4 e6 4. g3 dxc4 5. Bg2 c6 6. Ne5 Bb4+ 7. Bd2 Be7 8. Bg5 h6 9. Bf4 Nd5 10. Nxc4 Nxf4 11. gxf4 Qc7 12. e3 g5 13. fxg5 hxg5 14. h3 Nd7 15. Nc3 Rb8 16. Rc1 Nf6 17. a3 Kf8 18. b4 Bd7 19. Ne5 Be8 20. Qd3 Rd8 21. Ke2 a5 22. Rb1 axb4 23. axb4 Nd7 24. Nxd7+ Qxd7 25. b5 c5 26. d5 f5 27. Qc4 Rh4 28. Qa2 Bf6 29. Rhc1 Bf7 30. Qa3 exd5 31. Qxc5+ Be7 32. Qb6 d4 33. Nd1 dxe3 34. Nxe3 Qd3+ 35. Ke1 Bb4+ 36. Rxb4 Qd2+ 37. Kf1 Qxc1+ 38. Ke2 Rd2+ 39. Kf3 Rxb4 40. Qf6 Qc5 41. Bf1 Rf4+ 42. Kg3 Rdxf2 43. Qd8+ Kg7 44. Qxg5+ Bg6 45. Bg2 Qxe3+ 46. Kh2 Rxg2+ 47. Qxg2 Rf2 48. b6 Rxg2+ 49. Kxg2 f4 50. h4 Be4+ 51. Kf1 f3 0-1

[Event "AI Cup Play In"]
[Site "Chess.com INT"]
[Date "2023.09.18"]
[Round "7"]
[White "Tomashevsky, Evgeny"]
[Black "Mishra, Abhimanyu"]
[Result "1/2-1/2"]
[WhiteElo "2694"]
[BlackElo "2599"]
[PlyCount "129"]
[EventDate "2023.09.18"]
[EventType "swiss (rapid)"]
[EventRounds "9"]
[EventCountry "USA"]
[SourceTitle "EXT 2024"]
[Source "ChessBase"]
[SourceDate "2023.10.10"]
[SourceVersion "1"]
[SourceVersionDate "2023.10.10"]
[SourceQuality "1"]

1. c4 c6 2. Nf3 d5 3. g3 Nf6 4. Bg2 dxc4 5. 0-0 Nbd7 6. Qc2 Nb6 7. Na3 Be6 8. Ng5 Bg4 9. Re1 Qd4 10. Rb1 e6 11. b3 cxb3 12. Rxb3 Qc5 13. d4 Qxc2 14. Nxc2 h6 15. Nf3 Bf5 16. Nb4 Be4 17. Ne5 Bxg2 18. Kxg2 Nfd7 19. Nbd3 Nxe5 20. Nxe5 Bd6 21. Nd3 0-0-0 22. Bb2 Nc4 23. Rc1 b5 24. Bc3 Kd7 25. e3 Rb8 26. Kf3 Rhc8 27. Ke2 a5 28. f4 b4 29. Be1 Na3 30. g4 Rb5 31. h4 f6 32. e4 c5 33. dxc5 Bxc5 34. Nb2 Bd6 35. Rxc8 Kxc8 36. f5 exf5 37. gxf5 Rc5 38. Bd2 Kc7 39. Kd1 Kc6 40. Be3 Rc3 41. Bd2 Rxb3 42. axb3 Nb5 43. Nc4 Nd4 44. Nxa5+ Kb5 45. Nc4 Bc7 46. e5 Nxf5 47. exf6 gxf6 48. h5 Bg3 49. Kc2 Bh4 50. Kd3 Bg5 51. Be1 Ng7 52. Nd6+ Kc6 53. Ne4 Nxh5 54. Bxb4 Nf4+ 55. Kc4 h5 56. Bd6 Ng6 57. b4 Bf4 58. Bxf4 Nxf4 59. Nxf6 h4 60. Kd4 h3 61. Ng4 Kb5 62. Ke3 Nd5+ 63. Kf3 Kxb4 64. Kg3 h2 65. Kxh2 1/2-1/2

[Event "ESP-chT CECLUB Div1"]
[Site "Linares"]
[Date "2023.08.23"]
[Round "4.1"]
[White "Bjerre, Jonas Buhl"]
[Black "Mishra, Abhimanyu"]
[Result "1/2-1/2"]
[WhiteElo "2624"]
[BlackElo "2585"]
[PlyCount "87"]
[EventDate "2023.08.20"]
[EventType "team-tourn"]
[EventRounds "7"]
[EventCountry "ESP"]
[SourceTitle "CBM 215 Extra"]
[Source "ChessBase"]
[SourceDate "2023.09.30"]
[SourceVersion "1"]
[SourceVersionDate "2023.09.30"]
[SourceQuality "1"]
[WhiteTeam "Ourense"]
[BlackTeam "Xeraco CE"]
[WhiteTeamCountry "ESP"]
[BlackTeamCountry "ESP"]

1. e4 c5 2. Nf3 d6 3. Bb5+ Nd7 4. 0-0 a6 5. Bxd7+ Bxd7 6. c3 Nf6 7. Re1 e6 8. d4 cxd4 9. cxd4 d5 10. e5 Ne4 11. Nfd2 f5 12. exf6 Nxf6 13. Nf3 Bd6 14. Ne5 0-0 15. Bg5 Qe8 16. Nc3 Bc6 17. Rc1 Bxe5 18. Rxe5 Ne4 19. Bh4 Qg6 20. f3 Nxc3 21. Rxc3 Rac8 22. Bg3 Bd7 23. Ree3 Rxc3 24. Rxc3 Rc8 25. Bc7 Bc6 26. Be5 Bd7 27. Rxc8+ Bxc8 28. Qc1 Bd7 29. h4 Bc6 30. Qc5 h6 31. Qd6 Qf7 32. Kf2 Qg6 33. b3 Qc2+ 34. Kg1 Qg6 35. a4 Qf7 36. Kf2 Qd7 37. Qc5 Qd8 38. g3 Qf8 39. Qc3 Qf7 40. Qe3 Kh7 41. Kg2 Qg6 42. Kh3 Be8 43. g4 h5 44. Qg5 1/2-1/2

[Event "ESP-chT CECLUB Div1"]
[Site "Linares"]
[Date "2023.08.21"]
[Round "2.1"]
[White "Kuzubov, Yuriy"]
[Black "Mishra, Abhimanyu"]
[Result "1/2-1/2"]
[WhiteElo "2627"]
[BlackElo "2585"]
[PlyCount "149"]
[EventDate "2023.08.20"]
[EventType "team-tourn"]
[EventRounds "7"]
[EventCountry "ESP"]
[SourceTitle "CBM 215 Extra"]
[Source "ChessBase"]
[SourceDate "2023.09.30"]
[SourceVersion "1"]
[SourceVersionDate "2023.09.30"]
[SourceQuality "1"]
[WhiteTeam "Oromana CEN Solutions"]
[BlackTeam "Xeraco CE"]
[WhiteTeamCountry "ESP"]
[BlackTeamCountry "ESP"]

1. d4 d5 2. c4 c6 3. Nf3 Nf6 4. Nc3 e6 5. e3 Nbd7 6. Qc2 Bd6 7. Bd3 0-0 8. 0-0 dxc4 9. Bxc4 b5 10. Bd3 Bb7 11. e4 e5 12. Bg5 exd4 13. Nxd4 Bxh2+ 14. Kxh2 Ng4+ 15. Kg3 Qxg5 16. f4 Qd8 17. e5 g6 18. Kxg4 Nxe5+ 19. fxe5 Qxd4+ 20. Kh3 Rae8 21. Rae1 Rxe5 22. Rxe5 Qxe5 23. g3 Rd8 24. Be4 Bc8+ 25. Kg2 Be6 26. Bf3 Qe3 27. Rd1 Rxd1 28. Qxd1 b4 29. Ne4 Kg7 30. b3 Bg4 31. Qa1+ Kh6 32. Qf6 Bxf3+ 33. Qxf3 Qd4 34. Nf2 Kg7 35. Qxc6 Qd2 36. Qa6 Qd5+ 37. Kf1 Qd4 38. Qe2 h5 39. Kg2 Qd5+ 40. Qe4 Qc5 41. Kf3 a5 42. Nd1 Qd6 43. Ne3 Qf6+ 44. Ke2 Qa1 45. Qc2 Qh1 46. Kd3 Qe1 47. Qb2+ Kg8 48. Qg2 Qc3+ 49. Ke2 Qb2+ 50. Kf3 Qf6+ 51. Ke4 Qe6+ 52. Kd3 Qd6+ 53. Nd5 Qc5 54. Qe4 Qf2 55. Qe8+ Kh7 56. Kc4 Qxg3 57. Qxf7+ Kh6 58. Qf8+ Kg5 59. Qf6+ Kh6 60. Kb5 h4 61. Ka4 h3 62. Ne7 Kh5 63. Qh8+ Kg4 64. Qc8+ Kf3 65. Qc6+ Kf2 66. Qc2+ Kg1 67. Qd1+ Kg2 68. Qe2+ Kg1 69. Qd1+ Kg2 70. Qd2+ Qf2 71. Qd5+ Qf3 72. Qg5+ Qg3 73. Qd5+ Qf3 74. Qg5+ Qg3 75. Qd5+ 1/2-1/2

[Event "Saint Louis Summer-A"]
[Site "Saint Louis"]
[Date "2023.08.10"]
[Round "9"]
[White "Mishra, Abhimanyu"]
[Black "Swiercz, Dariusz"]
[Result "1-0"]
[WhiteElo "2585"]
[BlackElo "2640"]
[PlyCount "119"]
[EventDate "2023.08.02"]
[EventType "tourn"]
[EventRounds "9"]
[EventCountry "USA"]
[EventCategory "15"]
[SourceTitle "CBM 215 Extra"]
[Source "ChessBase"]
[SourceDate "2023.09.30"]
[SourceVersion "1"]
[SourceVersionDate "2023.09.30"]
[SourceQuality "1"]

1. e4 e5 2. Nf3 Nc6 3. Bc4 Nf6 4. d3 h6 5. 0-0 d6 6. c3 g5 7. Nbd2 Bg7 8. Bb3 0-0 9. h3 Nh5 10. Re1 Nf4 11. Nf1 Qf6 12. Ng3 Qg6 13. d4 Bf6 14. dxe5 dxe5 15. Nh2 Rd8 16. Qf3 Be6 17. Be3 Na5 18. Bxe6 fxe6 19. Rad1 Nc4 20. b3 Nb2 21. Rxd8+ Rxd8 22. Rb1 Nbd3 23. Rd1 Qe8 24. Ngf1 h5 25. Ng3 Bg7 26. Bxf4 exf4 27. Rxd3 fxg3 28. Qxg3 Rxd3 29. Qxd3 a5 30. Nf3 Qe7 31. g3 c6 32. Kg2 Kf7 33. e5 g4 34. hxg4 hxg4 35. Nh2 Bxe5 36. Nxg4 Bg7 37. Ne3 Qc5 38. Qd7+ Qe7 39. Qd3 Qc5 40. c4 Ke7 41. Qe4 Kd6 42. Nc2 b5 43. Qf4+ Qe5 44. Qxe5+ Bxe5 45. Ne1 a4 46. Nd3 axb3 47. axb3 bxc4 48. bxc4 Bf6 49. Kf3 e5 50. Ke4 Ke6 51. Nb4 Kd6 52. Kf5 Bg7 53. Nd3 Bh8 54. f3 Bg7 55. Kg6 Bf8 56. Kf6 Be7+ 57. Kf5 Bd8 58. Nxe5 Kc5 59. g4 Bc7 60. g5 1-0

[Event "Saint Louis Summer-A"]
[Site "Saint Louis"]
[Date "2023.08.04"]
[Round "3"]
[White "Nyzhnyk, Illya"]
[Black "Mishra, Abhimanyu"]
[Result "1/2-1/2"]
[WhiteElo "2621"]
[BlackElo "2585"]
[PlyCount "72"]
[EventDate "2023.08.02"]
[EventType "tourn"]
[EventRounds "9"]
[EventCountry "USA"]
[EventCategory "15"]
[SourceTitle "CBM 215 Extra"]
[Source "ChessBase"]
[SourceDate "2023.09.30"]
[SourceVersion "1"]
[SourceVersionDate "2023.09.30"]
[SourceQuality "1"]

1. d4 d5 2. c4 c6 3. Nf3 Nf6 4. e3 e6 5. Nbd2 Be7 6. Bd3 0-0 7. 0-0 Nbd7 8. b3 c5 9. Bb2 b6 10. Ne5 Bb7 11. f4 Ne4 12. Nxe4 dxe4 13. Bc2 f5 14. dxc5 Nxe5 15. Bxe5 Qxd1 16. Rfxd1 Bxc5 17. Rd7 Rf7 18. Rad1 Bc6 19. Rd8+ Rxd8 20. Rxd8+ Rf8 21. Rxf8+ Kxf8 22. Kf2 g6 23. Ke2 Ke7 24. Kd2 Bb4+ 25. Bc3 a5 26. Bd1 Bc5 27. Bd4 Kd6 28. Be2 Be8 29. Kc3 Kc7 30. Bxc5 bxc5 31. a3 Kb6 32. b4 Bd7 33. Bd1 Be8 34. Be2 Bd7 35. Bd1 Be8 36. Be2 Bd7 1/2-1/2

[Event "USA-ch U20"]
[Site "Saint Louis"]
[Date "2023.07.22"]
[Round "7"]
[White "Mishra, Abhimanyu"]
[Black "Wang, Justin"]
[Result "1/2-1/2"]
[WhiteElo "2591"]
[BlackElo "2488"]
[PlyCount "94"]
[EventDate "2023.07.15"]
[EventType "tourn"]
[EventRounds "9"]
[EventCountry "USA"]
[EventCategory "9"]
[SourceTitle "CBM 215 Extra"]
[Source "ChessBase"]
[SourceDate "2023.09.30"]
[SourceVersion "1"]
[SourceVersionDate "2023.09.30"]
[SourceQuality "1"]

1. e4 e5 2. Nf3 Nf6 3. d4 Nxe4 4. Bd3 d5 5. Nxe5 Nd7 6. Nxd7 Bxd7 7. 0-0 Bd6 8. Nc3 Nxc3 9. bxc3 0-0 10. Qh5 f5 11. Re1 c6 12. Bg5 Qc7 13. Re3 Rf7 14. c4 Qa5 15. c5 Bf8 16. Rae1 Qxa2 17. Bf4 Qa5 18. Be5 Re8 19. Rb1 g6 20. Qg5 Bc8 21. h4 Qd8 22. Bf6 Qd7 23. Rbe1 Rxe3 24. Rxe3 f4 25. Re5 Qg4 26. Re8 f3 27. Be5 fxg2 28. Qxg4 Bxg4 29. Kxg2 b6 30. f4 bxc5 31. dxc5 a5 32. Ra8 a4 33. Kg3 Bf5 34. Bxf5 Rxf5 35. Rxa4 Bxc5 36. Ra6 Be7 37. Rxc6 Rh5 38. Bf6 Bxf6 39. Rxf6 d4 40. Rd6 Rc5 41. Rxd4 Rxc2 42. Rd7 Rc5 43. Kg4 Rb5 44. Rc7 Ra5 45. Rd7 Rb5 46. Rc7 Ra5 47. Rd7 Rb5 1/2-1/2

[Event "USA-ch U20"]
[Site "Saint Louis"]
[Date "2023.07.18"]
[Round "4"]
[White "Hong, Andrew Z"]
[Black "Mishra, Abhimanyu"]
[Result "0-1"]
[WhiteElo "2520"]
[BlackElo "2591"]
[PlyCount "144"]
[EventDate "2023.07.15"]
[EventType "tourn"]
[EventRounds "9"]
[EventCountry "USA"]
[EventCategory "9"]
[SourceTitle "CBM 215 Extra"]
[Source "ChessBase"]
[SourceDate "2023.09.30"]
[SourceVersion "1"]
[SourceVersionDate "2023.09.30"]
[SourceQuality "1"]

1. e4 e6 2. d4 d5 3. Nc3 Bb4 4. e5 c5 5. a3 Bxc3+ 6. bxc3 Ne7 7. Qg4 Qc7 8. Bd3 c4 9. Be2 Qa5 10. Bd2 Nf5 11. a4 Nc6 12. Nf3 Bd7 13. Qf4 Rf8 14. h4 0-0-0 15. h5 f6 16. Qh2 h6 17. Ra3 Rh8 18. 0-0 fxe5 19. Nxe5 Nfxd4 20. cxd4 Qxd2 21. Nf7 Rhf8 22. Nxd8 Rxd8 23. Re3 Nxd4 24. Qe5 Nf5 25. Rd1 Qa5 26. Rf3 Qc7 27. Qa1 Bc6 28. a5 a6 29. g3 Nd6 30. Re3 Ne4 31. Qd4 Rf8 32. Rf3 Nf6 33. Re3 Ne4 34. Rf3 Re8 35. Qa7 Nf6 36. Re3 Qxa5 37. Bxc4 dxc4 38. Rxe6 Kc7 39. Qd4 Kb8 40. Rxc6 bxc6 41. c3 Qb5 42. Ra1 Kb7 43. Qd1 Qc5 44. Qb1+ Kc7 45. Rxa6 Re2 46. Qf1 Qe5 47. Ra1 Qe4 48. Qc1 Qf3 49. Qf1 Ne4 50. Ra7+ Kd6 51. Qd1+ Nd2 52. Rf7 Qxf7 53. Qxe2 Nf3+ 54. Kg2 Ne5 55. f4 Qd5+ 56. Kf2 Nd3+ 57. Kg1 Qe6 58. Qa2 Qe1+ 59. Kg2 Qxc3 60. Qa8 Qb2+ 61. Kh3 Kc5 62. Qa7+ Kb4 63. Qb6+ Ka3 64. Qxc6 Qd4 65. Qa8+ Kb3 66. Qg8 Nb4 67. Kg4 Kb2 68. Qe6 c3 69. Qe2+ c2 70. Qh2 Kb1 71. Qg2 c1Q 72. Qh1 Qd7+ 0-1

[Event "USA-ch U20"]
[Site "Saint Louis"]
[Date "2023.07.17"]
[Round "3"]
[White "Mishra, Abhimanyu"]
[Black "Jacobson, Brandon"]
[Result "1/2-1/2"]
[WhiteElo "2591"]
[BlackElo "2546"]
[PlyCount "70"]
[EventDate "2023.07.15"]
[EventType "tourn"]
[EventRounds "9"]
[EventCountry "USA"]
[EventCategory "9"]
[SourceTitle "CBM 215 Extra"]
[Source "ChessBase"]
[SourceDate "2023.09.30"]
[SourceVersion "1"]
[SourceVersionDate "2023.09.30"]
[SourceQuality "1"]

1. d4 Nf6 2. c4 e6 3. Nf3 d5 4. g3 dxc4 5. Bg2 Nbd7 6. 0-0 c6 7. a4 a5 8. Qc2 b5 9. Ne5 Nxe5 10. dxe5 Nd5 11. axb5 cxb5 12. Nc3 Qb6 13. Nxd5 exd5 14. Bxd5 Ra7 15. Qe4 Bc5 16. Bc6+ Bd7 17. Bxd7+ Rxd7 18. Qa8+ Rd8 19. Qxa5 Qc6 20. Qa6 Qxa6 21. Rxa6 Kd7 22. e6+ fxe6 23. Bf4 h6 24. Be5 Rhg8 25. Rfa1 Rgf8 26. e3 g5 27. g4 Ke7 28. Rc6 Rc8 29. Raa6 Kd7 30. Rxe6 Rfe8 31. Rxe8 Rxe8 32. Bg7 Rg8 33. Be5 Re8 34. Bg7 Rg8 35. Be5 Re8 1/2-1/2